Naprašovanie transparentných vodivých tenkých vrstiewv oxidov Zn : Dát. obhaj22.6.2010, č. ved. odb. 5-2-13

Guardado en:
Detalles Bibliográficos
Autor principal: Flickyngerová, Soňa, 1981- (Autor)
Otros Autores: Tvarožek, Vladimír, 1943- (Orientador)
Formato: Manuscrito Libro
Publicado: Bratislava : STU v Bratislave FEI, 2010
Materias:
Etiquetas: Agregar Etiqueta
Sin Etiquetas, Sea el primero en etiquetar este registro!

MARC

LEADER 00000ntm a22000003a 4500
001 stu211030
005 20230413112624.3
008 100920s2010----------------------------d
040 |a STU  |b slo 
100 1 |a Flickyngerová, Soňa,  |d 1981-  |4 aut  |u E030  |U FEI Fakulta elektrotechniky a informatiky  |T FEI Ústav elektroniky a fotoniky  |U E030  |Y 549 
242 0 0 |a Sputtering of transparent conducting thin films based on ZnO 
245 1 |a Naprašovanie transparentných vodivých tenkých vrstiewv oxidov Zn :  |b Dát. obhaj22.6.2010, č. ved. odb. 5-2-13 
260 |a Bratislava :  |b STU v Bratislave FEI,  |c 2010 
300 |a 96 s 
650 7 |a elektronika  |2 stusub 
650 7 |a Mikroelektronika  |2 stusub 
650 7 |a naprašovanie  |2 stusub 
650 7 |a tenké vrstvy  |2 stusub 
650 7 |a oxid zinka  |2 stusub 
700 1 |a Tvarožek, Vladimír,  |d 1943-  |4 ths  |u E030  |U FEI Fakulta elektrotechniky a informatiky  |T FEI Ústav elektroniky a fotoniky  |X 2107  |U E030  |Y 549  |7 A000002107 
996 |b 284ED01284  |c E*ZP-148  |l EE01  |s A  |a 24  |w stu211030_0001